| 000 | 00841nam a2200241 a 4500 | ||
|---|---|---|---|
| 003 | DO-SdBNP | ||
| 005 | 20250307131927.0 | ||
| 007 | ta | ||
| 008 | 220119e2003 dr a|||grgl|| 001 0 spa d | ||
| 040 |
_aDO-SdBNP _bspa _cBNPHU |
||
| 082 | 4 |
_222 _bR426p |
|
| 110 | 2 |
_aINDOTEL _917928 |
|
| 245 | 1 | 0 | _aPlan Nacional de atribución de frecuencias (PNAF) / |
| 260 |
_aSanto Domingo : _bManatí, _c2003 |
||
| 300 |
_a170 p. : _bil. ; _c28 cm. |
||
| 530 | _aIncluye un diagrama de barra independiente. | ||
| 590 | _aInventariado 2022 / MF | ||
| 610 | 4 |
_957620 _aInstituto Dominicano de las Telecomunicaciones (INDOTEL) _zRepública Dominicana |
|
| 650 | 4 |
_931116 _aAdministración Pública _xLegislación _zRepública Dominicana |
|
| 710 | 2 |
_957620 _aInstituto Dominicano de las Telecomunicaciones (INDOTEL) |
|
| 910 | _aMFéliz | ||
| 942 |
_2ddc _cLBS1 |
||
| 999 |
_c51191 _d51191 |
||